000 00818nam a2200253Ia 4500
003 OSt
005 20220923225321.0
006 a|||||r|||| 00| 0
007 ta
008 220922b |||||||| |||| 00| 0 hin d
024 _a263,308
037 _cTextual
040 _aARTS
_cARTS
_bhin
041 _2hin
_ahin
082 _aG:5:(T), 152P1
100 _aव्यास, हरिशचंद्र
245 0 _aपर्यावरण शिक्षा
246 _aParyāvaraṇ shikṣhā
260 _aनई दिल्ली
_b विद्या विहार
_c1991
300 _a276i`-
_ccm.
650 _aजीव विज्ञान-पर्यावरण
942 _hG:5:(T), 152P1
_cTEXL
_2CC
999 _c377532
_d377532